Normal view MARC view
  • Naró, Rodolfo,

Entry Nombre Personal

Number of records used in: 2

001 - NUMERO DE CONTROL

  • campo de control: 40175

003 - IDENTIFICADOR DE NUMERO DE CONTROL

  • campo de control: MX-MxUPN

005 - FECHA Y HORA DE LA ÜLTIMA TRANSACCIÓN

  • campo de control: 20250603103037.0

008 - DATOS DE LONGITUD FIJA

  • campo de control de longitud fija: 250603n| accnnaabn | aaa |d

035 ## - NUMERO DE CONTROL

  • Número de control: UPN11000012282

040 ## - FUENTE DE CATALOGACIÓN

  • Agencia original de catalogación: MX-MxUPN
  • Lenguaje de catalogación: spa
  • Agencia de transcripción: MX-MxUPN

046 ## - FECHAS CON CODIFICACIÓN ESPECIAL

  • Fecha de nacimiento: 1967

053 #4 - NÚMERO DE CLASIFICACIÓN LC

  • Número de clasificación elemento-número único o número inicial de tramo: PQ7298.424 A76

100 1# - ENCABEZAMIENTO - NOMBRE PERSONAL

  • Nombre personal: Naró, Rodolfo,
  • Fechas asociadas con el nombre: 1967-

370 ## - LUGAR ASOCIADO

  • Place of birth: Tequila (Jalisco)

670 ## - FUENTE EN LA QUE SE LOCALIZARON DATOS

  • Cita de la fuente: Árbol de la vida, 2001:
  • Información localizada: portada (Rodolfo Naró) página 4 de la cubierta (nació en Tequila, Jalisco en 1967)

902 ## - CATALOGADOR

  • Catalogador: MMA/160517